Tilastot visalle Italian alueet

Klikkaa tästä pelataksesi tätä visaa!

Yleistilastot

  • Tätä visaa on pelattu 331 kertaa
  • Keskiarvotulos 10 / 20

Vastaukset kartalla

Vastauksille on annettu kartalla punavihreä väri sen mukaan, kuinka moni on saanut sen oikein.
 

Vastaustilastot

PääkaupunkiAlue% Oikein
PalermoSisilia
96%
CagliariSardinia
89%
FirenzeToscana
73%
MilanoLombardia
60%
VenetsiaVeneto
57%
BolognaEmilia-Romagna
54%
RoomaLatium
53%
GenovaLiguria
52%
TorinoPiemonte
49%
TrentoTrentino-Etelä-Tiroli
49%
CatanzaroCalabria
46%
AostaAostanlaakso
45%
PerugiaUmbria
45%
BariApulia
44%
NapoliCampania
39%
TriesteFriuli-Venezia Giulia
38%
AnconaMarche
38%
PotenzaBasilicata
37%
L'AquilaAbruzzo
36%
CampobassoMolise
34%

Tulosjakauma

Persentiili vastausten määrän mukaan

Jokaisen tuloksen saaneiden osuus

Tuloshistoriasi

Et ole pelannut tätä visaa